000 00719nam a2200241Ia 4500
003 OSt
005 20220927104842.0
006 a|||||r|||| 00| 0
007 ta
008 220926b |||||||| |||| 00| 0 eng d
024 _a158439
037 _cReference Collections
040 _aRTL
_cRTL
_beng
041 _2eng
_aeng
082 _a"X:545p2.N49, H9"
110 _a"INDIA, COMMERCE (Ministry of-)"
_9367869
245 0 _aMeeting of the export advisory council
_b Proceedings
260 _aNew
_bDelhi Ministry of commerce
_c1949
300 _a120p
_ccm.
700 _a"INDIA, COMMERCE (Ministry of-)"
_9367870
942 _h"X:545p2.N49, H9"
_cCC
999 _c689053
_d689053